00813nam a2200169 a 450000100100000000500170001000800410002704000250006811001130009324500950020626000640030130000290036565100580039471000690045295201050052199900170062600004525620250221073755.0090709s1971 dr a 000 0 spa d aDO-SdBNPbspacBNPHU1 aRepública Dominicana.bSecretariado Técnico de la Presidencia.bOficina Nacional de Estadística91086610aDía de la estadística nacional :bReseña historica de la cuartaconmemoración 1970. aSanto Domingo :bOficina Nacional de Estadística:,c1971. a87 p. ; :bil. ;c28 cm. 4aRepública DominicanaxServicios Estadisticos9108671 aRepública Dominicana.bOficina Nacional de Estadística95775 0010718PDaPDbPDcCTd2015-02-18iLF1l0o p45256-10r2020-06-25w2020-06-25yLFPDZNo se presta c44745d44745